000 00340 a2200157 4500
001 59998
020 _a319001664X
040 _cAnchieta - Pituba
100 _aSchumann, Johannes
240 1 0 _aLeichte Tests
_lpor
245 1 0 _aLeichte Tests
300 _a147
362 0 _a2001
650 4 _aLiteratura juvenil em alemão
942 _cBK
999 _c59998
_d59998